<?xml version="1.0" encoding="UTF-8"?>
<record
    xmlns:xsi="http://www.w3.org/2001/XMLSchema-instance"
    xsi:schemaLocation="http://www.loc.gov/MARC21/slim http://www.loc.gov/standards/marcxml/schema/MARC21slim.xsd"
    xmlns="http://www.loc.gov/MARC21/slim">

  <leader>01937nam0a2200421   4500</leader>
  <controlfield tag="001">RU\NLR\bibl\279188</controlfield>
  <controlfield tag="005">20260406070924.0</controlfield>
  <datafield tag="010" ind1=" " ind2=" ">
    <subfield code="a">5-88889-017-0</subfield>
    <subfield code="9">5000</subfield>
  </datafield>
  <datafield tag="021" ind1=" " ind2=" ">
    <subfield code="a">RU</subfield>
    <subfield code="b">2002-29468</subfield>
    <subfield code="9">1469</subfield>
  </datafield>
  <datafield tag="035" ind1=" " ind2=" ">
    <subfield code="a">(NLR Aleph) 000274687</subfield>
  </datafield>
  <datafield tag="090" ind1=" " ind2=" ">
    <subfield code="a">1606647</subfield>
    <subfield code="c">1606647</subfield>
  </datafield>
  <datafield tag="100" ind1=" " ind2=" ">
    <subfield code="a">20020620d2002    u  y0rusy50      ca</subfield>
  </datafield>
  <datafield tag="101" ind1="0" ind2=" ">
    <subfield code="a">rus</subfield>
  </datafield>
  <datafield tag="102" ind1=" " ind2=" ">
    <subfield code="a">RU</subfield>
  </datafield>
  <datafield tag="105" ind1=" " ind2=" ">
    <subfield code="a">a   |||||||||</subfield>
  </datafield>
  <datafield tag="135" ind1=" " ind2=" ">
    <subfield code="a">crgn 008aaada</subfield>
  </datafield>
  <datafield tag="200" ind1="1" ind2=" ">
    <subfield code="a">&#x41A;&#x430;&#x43C;&#x435;&#x440;-&#x444;&#x443;&#x440;&#x44C;&#x435;&#x440;&#x441;&#x43A;&#x438;&#x439; &#x436;&#x443;&#x440;&#x43D;&#x430;&#x43B;</subfield>
    <subfield code="f">&#x412;&#x43B;&#x430;&#x434;&#x438;&#x441;&#x43B;&#x430;&#x432; &#x425;&#x43E;&#x434;&#x430;&#x441;&#x435;&#x432;&#x438;&#x447;</subfield>
    <subfield code="g">[&#x412;&#x441;&#x442;&#x443;&#x43F;. &#x441;&#x442;., &#x43F;&#x43E;&#x434;&#x433;&#x43E;&#x442;. &#x442;&#x435;&#x441;&#x442;&#x430;, &#x443;&#x43A;&#x430;&#x437;. &#x41E;.&#x420;. &#x414;&#x435;&#x43C;&#x438;&#x434;&#x43E;&#x432;&#x43E;&#x439;]</subfield>
  </datafield>
  <datafield tag="210" ind1=" " ind2=" ">
    <subfield code="a">&#x41C;.</subfield>
    <subfield code="c">&#x42D;&#x43B;&#x43B;&#x438;&#x441; &#x41B;&#x430;&#x43A;</subfield>
    <subfield code="d">2002</subfield>
  </datafield>
  <datafield tag="215" ind1=" " ind2=" ">
    <subfield code="a">477,[2] &#x441;.,[8] &#x43B;. &#x438;&#x43B;., &#x43F;&#x43E;&#x440;&#x442;&#x440;.</subfield>
    <subfield code="c">&#x444;&#x430;&#x43A;&#x441;.</subfield>
    <subfield code="d">21</subfield>
  </datafield>
  <datafield tag="320" ind1=" " ind2=" ">
    <subfield code="a">&#x423;&#x43A;&#x430;&#x437;&#x430;&#x442;&#x435;&#x43B;&#x438;: &#x441;. 370-477</subfield>
  </datafield>
  <datafield tag="325" ind1=" " ind2=" ">
    <subfield code="a">&#x41A;&#x43E;&#x43F;&#x438;&#x44F; &#x434;&#x43E;&#x441;&#x442;&#x443;&#x43F;&#x43D;&#x430; &#x432; &#x42D;&#x43B;&#x435;&#x43A;&#x442;&#x440;&#x43E;&#x43D;. &#x431;-&#x43A;&#x435; &#x420;&#x41D;&#x411; http://vivaldi.nlr.ru/bx000030511/view</subfield>
  </datafield>
  <datafield tag="600" ind1=" " ind2="1">
    <subfield code="a">&#x425;&#x43E;&#x434;&#x430;&#x441;&#x435;&#x432;&#x438;&#x447;</subfield>
    <subfield code="b">&#x412;.&#x424;.</subfield>
    <subfield code="f">1886 - 1939</subfield>
    <subfield code="g">&#x412;&#x43B;&#x430;&#x434;&#x438;&#x441;&#x43B;&#x430;&#x432; &#x424;&#x435;&#x43B;&#x438;&#x446;&#x438;&#x430;&#x43D;&#x43E;&#x432;&#x438;&#x447;</subfield>
    <subfield code="j">&#x414;&#x43D;&#x435;&#x432;&#x43D;&#x438;&#x43A;&#x438;</subfield>
    <subfield code="9">1542120</subfield>
    <subfield code="3">RU\NLR\auth\66973649</subfield>
  </datafield>
  <datafield tag="606" ind1="0" ind2=" ">
    <subfield code="a">&#x420;&#x443;&#x441;&#x441;&#x43A;&#x430;&#x44F; &#x43B;&#x438;&#x442;&#x435;&#x440;&#x430;&#x442;&#x443;&#x440;&#x430;</subfield>
    <subfield code="j">&#x412;&#x43E;&#x441;&#x43F;&#x43E;&#x43C;&#x438;&#x43D;&#x430;&#x43D;&#x438;&#x44F;, &#x437;&#x430;&#x43F;&#x438;&#x441;&#x43A;&#x438; &#x438; &#x442;.&#x43F;.</subfield>
    <subfield code="x">&#x437;&#x430; &#x440;&#x443;&#x431;&#x435;&#x436;&#x43E;&#x43C;</subfield>
    <subfield code="z">20 &#x432;.</subfield>
    <subfield code="9">924713</subfield>
    <subfield code="3">RU\NLR\auth\6620795</subfield>
  </datafield>
  <datafield tag="686" ind1=" " ind2=" ">
    <subfield code="a">&#x428;5(2=&#x420;)53-4&#x425;&#x43E;&#x434;&#x430;&#x441;&#x435;&#x432;&#x438;&#x447;</subfield>
  </datafield>
  <datafield tag="686" ind1=" " ind2=" ">
    <subfield code="a">&#x428;5(2=&#x420;)6,1</subfield>
  </datafield>
  <datafield tag="700" ind1=" " ind2="1">
    <subfield code="4">070</subfield>
    <subfield code="8">rus</subfield>
    <subfield code="7">ca</subfield>
    <subfield code="a">&#x425;&#x43E;&#x434;&#x430;&#x441;&#x435;&#x432;&#x438;&#x447;</subfield>
    <subfield code="b">&#x412;.&#x424;.</subfield>
    <subfield code="g">&#x412;&#x43B;&#x430;&#x434;&#x438;&#x441;&#x43B;&#x430;&#x432; &#x424;&#x435;&#x43B;&#x438;&#x446;&#x438;&#x430;&#x43D;&#x43E;&#x432;&#x438;&#x447;</subfield>
    <subfield code="f">1886-1939</subfield>
    <subfield code="3">RU\NLR\auth\7727467</subfield>
    <subfield code="9">10499</subfield>
  </datafield>
  <datafield tag="801" ind1=" " ind2="0">
    <subfield code="a">RU</subfield>
    <subfield code="b">NLR</subfield>
    <subfield code="c">20020620</subfield>
    <subfield code="g">PSBO</subfield>
  </datafield>
  <datafield tag="801" ind1=" " ind2="1">
    <subfield code="a">RU</subfield>
    <subfield code="b">NLR</subfield>
    <subfield code="c">20020620</subfield>
  </datafield>
  <datafield tag="856" ind1=" " ind2="0">
    <subfield code="u">http://vivaldi.nlr.ru/bx000030511/view</subfield>
  </datafield>
  <datafield tag="856" ind1=" " ind2="1">
    <subfield code="u">http://vivaldi.nlr.ru/bx000030511/cover</subfield>
  </datafield>
  <datafield tag="856" ind1=" " ind2="2">
    <subfield code="u">http://vivaldi.nlr.ru/bx000030511/text</subfield>
  </datafield>
  <datafield tag="942" ind1=" " ind2=" ">
    <subfield code="c">BOOK</subfield>
  </datafield>
  <datafield tag="980" ind1=" " ind2=" ">
    <subfield code="a">NB</subfield>
  </datafield>
  <datafield tag="981" ind1="3" ind2="3">
    <subfield code="a">(33) &#x425;&#x443;&#x434;&#x43E;&#x436;&#x435;&#x441;&#x442;&#x432;&#x435;&#x43D;&#x43D;&#x430;&#x44F; &#x43B;&#x438;&#x442;&#x435;&#x440;&#x430;&#x442;&#x443;&#x440;&#x430;</subfield>
    <subfield code="b">(33) &#x41E;&#x442;&#x435;&#x447;&#x435;&#x441;&#x442;&#x432;&#x435;&#x43D;&#x43D;&#x430;&#x44F; &#x43B;&#x438;&#x442;&#x435;&#x440;&#x430;&#x442;&#x443;&#x440;&#x430;</subfield>
  </datafield>
  <datafield tag="995" ind1=" " ind2=" ">
    <subfield code="5">2002-10-02</subfield>
    <subfield code="a">ad</subfield>
    <subfield code="b">NLR03</subfield>
    <subfield code="c">NLR03</subfield>
    <subfield code="e">UJZ</subfield>
    <subfield code="f">1-181221</subfield>
    <subfield code="k">&#x42E; &#x428;5(2=&#x420;)6-4/14</subfield>
    <subfield code="o">0</subfield>
    <subfield code="r">BOOK</subfield>
    <subfield code="s">_526414</subfield>
  </datafield>
  <datafield tag="995" ind1=" " ind2=" ">
    <subfield code="5">2002-10-02</subfield>
    <subfield code="a">ad</subfield>
    <subfield code="b">NLR01</subfield>
    <subfield code="c">NLR01</subfield>
    <subfield code="e">RF8</subfield>
    <subfield code="f">339752</subfield>
    <subfield code="k">2002-3/15182</subfield>
    <subfield code="o">0</subfield>
    <subfield code="r">BOOK</subfield>
    <subfield code="s">2002315182_</subfield>
  </datafield>
  <datafield tag="995" ind1=" " ind2=" ">
    <subfield code="5">2003-04-09</subfield>
    <subfield code="a">az</subfield>
    <subfield code="b">NLR01</subfield>
    <subfield code="c">NLR01</subfield>
    <subfield code="e">RF8</subfield>
    <subfield code="f">460799</subfield>
    <subfield code="k">2002-3/15182</subfield>
    <subfield code="o">0</subfield>
    <subfield code="r">BOOK</subfield>
    <subfield code="s">2002315182_</subfield>
  </datafield>
  <datafield tag="995" ind1=" " ind2=" ">
    <subfield code="5">2002-06-20</subfield>
    <subfield code="a">aa</subfield>
    <subfield code="b">NLR01</subfield>
    <subfield code="c">NLR01</subfield>
    <subfield code="e">RF8</subfield>
    <subfield code="f">1-562332</subfield>
    <subfield code="k">2002-3/15182</subfield>
    <subfield code="o">0</subfield>
    <subfield code="p">144.00</subfield>
    <subfield code="r">BOOK</subfield>
    <subfield code="s">2002315182_</subfield>
  </datafield>
  <datafield tag="995" ind1=" " ind2=" ">
    <subfield code="5">2002-06-20</subfield>
    <subfield code="a">aa</subfield>
    <subfield code="b">NLR02</subfield>
    <subfield code="c">NLR02</subfield>
    <subfield code="e">NZ2</subfield>
    <subfield code="f">1-215689</subfield>
    <subfield code="k">&#x41B;2 &#x428;5(2=&#x420;)6/&#x425;-690</subfield>
    <subfield code="o">0</subfield>
    <subfield code="p">144.00</subfield>
    <subfield code="r">BOOK</subfield>
    <subfield code="s">2_526690</subfield>
  </datafield>
  <datafield tag="995" ind1=" " ind2=" ">
    <subfield code="5">2002-06-20</subfield>
    <subfield code="a">aa</subfield>
    <subfield code="b">NLR01</subfield>
    <subfield code="c">NLR01</subfield>
    <subfield code="e">OZ2</subfield>
    <subfield code="f">1-319736</subfield>
    <subfield code="k">&#x41B;1 &#x428;6(2=&#x420;)6/&#x425;-690</subfield>
    <subfield code="o">0</subfield>
    <subfield code="p">144.00</subfield>
    <subfield code="r">BOOK</subfield>
    <subfield code="s">1_626690</subfield>
  </datafield>
</record>
